000 01745nam a2200505 i 4500
001 31252
003 KOSZ 005
005 20240405063053.0
008 980702s1994 pl a |000 0 pol
015 _aUWD 1996/16980
020 _a8385964150
035 _a991004462119705066
035 _a(PL-WaBN)b11177950-48omnis_nlop
035 _ab11177950
035 _a(OCoLC)835349065
035 _a(PL)b0000001117795
035 _a(EXLNZ-48OMNIS_NETWORK)9910017610705606
040 _aWA N
_cWA N
_dWA N
_dKOSZ 005/HR
046 _k1994
080 _a338.22](438)
080 _a334.72(1-775)
245 0 0 _aTransformacja systemowa a zmiany strukturalne /
_cskład zespołu aut. Stefan Marciniak [et al.].
260 _aWarszawa :
_bOśrodek Nauk Społecznych Politechniki Warszawskiej,
_c1994.
300 _a101 s. :
_b2 rys. ;
_c24 cm.
336 _aTekst
_btxt
_2rdacontent
337 _aBez urządzenia pośredniczącego
_bn
_2rdamedia
338 _aWolumin
_bnc
_2rdacarrier
380 _aKsiążki
388 _a1901-2000
388 _a1989-2000
648 7 _a1901-2000
648 7 _a1989-2000
650 7 _aInterwencjonizm
_2DBN
650 7 _aPolityka gospodarcza
_2DBN
650 7 _aPrywatyzacja
_2DBN
650 7 _aTransformacja systemu społeczno-gospodarczego
_2DBN
651 7 _aKraje rozwinięte
_2DBN
651 7 _aPolska
_2DBN
658 _aGospodarka, ekonomia, finanse
658 _aPolityka, politologia, administracja publiczna
700 1 _aMarciniak, Stefan
_d(1928-2017)
_eAutor
856 _uhttp://koha.tu.koszalin.pl/cgi-bin/koha/opac-detail.pl?biblionumber=31252
_yKatalog online BPK
942 _2UKD
_cKS
999 _c31252
_d31252